000
00205 a2200109 4500
020
_a
9780545563277
041
_a
spa
100
_a
Rita Rosa Ruesga
245
_a
Los Mariachis
942
_c
BK
952
_7
1
999
_c
23183
_d
23183